Technology for teaching and learning 1 / (Record no. 82656)

MARC details
000 -LEADER
fixed length control field 00574nam a22001937a 4500
003 - CONTROL NUMBER IDENTIFIER
control field URS
005 - DATE AND TIME OF LATEST TRANSACTION
control field 20250424184346.0
008 - FIXED-LENGTH DATA ELEMENTS--GENERAL INFORMATION
fixed length control field 250424b |||||||| |||| 00| 0 eng d
020 ## - INTERNATIONAL STANDARD BOOK NUMBER
International Standard Book Number 9786210450163
040 ## - CATALOGING SOURCE
Transcribing agency URS
050 ## - LIBRARY OF CONGRESS CALL NUMBER
Classification number FIL LB 1028.3 .B188 2023
100 ## - MAIN ENTRY--PERSONAL NAME
Relator code author
Personal name Ballado, Ronato S.
245 ## - TITLE STATEMENT
Title Technology for teaching and learning 1 /
Statement of responsibility, etc. Ronato S. Ballado.
260 ## - PUBLICATION, DISTRIBUTION, ETC.
Place of publication, distribution, etc. Manila, Philippines :
Name of publisher, distributor, etc. Rex Book Store,
Date of publication, distribution, etc. 2023
300 ## - PHYSICAL DESCRIPTION
Extent x, 292 p ; 20 cm
504 ## - BIBLIOGRAPHY, ETC. NOTE
Bibliography, etc. note Includes bibliographical references.
650 ## - SUBJECT ADDED ENTRY--TOPICAL TERM
Topical term or geographic name entry element Educational technology.
942 ## - ADDED ENTRY ELEMENTS (KOHA)
Source of classification or shelving scheme Library of Congress Classification
Koha item type Filipiniana
Holdings
Withdrawn status Source of classification or shelving scheme Damaged status Not for loan Home library Current library Date acquired Source of acquisition Total Checkouts Full call number Barcode Date last seen Price effective from Koha item type Date last checked out Shelving location
  Library of Congress Classification     Angono College Library Angono College Library 12/12/2024 Library Fund   FIL LB 1028.3 .B188 2023 c1 URSANG-7519 04/24/2025 04/24/2025 Filipiniana    
  Library of Congress Classification     Angono College Library Angono College Library 12/12/2024 Library Fund 1 FIL LB 1028.3 .B188 2023 c2 URSANG-7520 03/18/2026 04/24/2025 Filipiniana 03/17/2026  
  Library of Congress Classification     Angono College Library Angono College Library 12/12/2024 Library Fund   FIL LB 1028.3 .B188 2023 c3 URSANG-7521 04/24/2025 04/24/2025 Filipiniana    
  Library of Congress Classification     Cainta College Library Cainta College Library 02/16/2026 Purchased   LB 1028.3.T2537 2023 URSCAI-5525 02/16/2026 02/16/2026 Filipiniana   Filipiniana Section
  Library of Congress Classification     Cainta College Library Cainta College Library 02/16/2026 Purchased   LB 1028.3.T2537 2023 URSCAI-5526 02/16/2026 02/16/2026 Filipiniana   Filipiniana Section

University of Rizal System
Email us at univlibservices@urs.edu.ph

Visit our Website www.urs.edu.ph/library